[Event "Oslo-B"]
[Site "Oslo"]
[Date "1992.??.??"]
[Round "6"]
[White "Bern, Ivar"]
[Black "Jansson, Joran"]
[Result "1-0"]
[WhiteElo "2395"]
[BlackElo "2310"]

1.d4 d5 2.c4 c6 3.Nc3 Nf6 4.e3 e6 5.Nf3 Nbd7 6.Qc2 Be7 7.Bd2 O-O 8.h3 Re8
9.Bd3 dxc4 10.Bxc4 Qc7 11.Rc1 e5 12.Bxf7+ Kh8 13.Bxe8 Nxe8 14.Nd5 Qd6 15.Nxe7 Qxe7
16.dxe5 Nxe5 17.Nxe5 Qxe5 18.Qc5 Qf6 19.Rc4 Be6 20.Rf4 Qxb2 21.Rf8+ Bg8 22.Qc4 Nd6
23.Qxg8+  1-0

[Event "Ostrava op"]
[Site "Ostrava"]
[Date "1992.??.??"]
[Round "4"]
[White "Bagaturov, Giorgi"]
[Black "Michenka, Jozef"]
[Result "1/2-1/2"]
[WhiteElo "2420"]
[BlackElo "2395"]

1.d4 Nf6 2.Nf3 e6 3.c4 d5 4.Nc3 c6 5.e3 Nbd7 6.Bd3 Bd6 7.e4 dxe4 8.Nxe4 Nxe4
9.Bxe4 Bb4+ 10.Bd2 Bxd2+ 11.Qxd2 c5 12.Rd1 cxd4 13.Qxd4 Qa5+ 14.Rd2 O-O 15.O-O Qc5
16.Qxc5 Nxc5 17.Bc2 a5 18.Rfd1 b6 19.Rd6 Rb8 20.Ne5 g6 21.b3 Rb7 22.a3 f6
23.Nf3 Kf7 24.b4 axb4 25.axb4 Na6 26.Be4 Rc7 27.b5 Nc5 28.Bc6 Ke7 29.Ne1 Bd7
30.Bf3 Rb8 31.Nc2 Be8 32.Nb4 Na4 33.Na6 Rcc8 34.Nxb8 Rxb8 35.R6d4 e5 36.R4d2 Rc8
37.Bc6 Bxc6 38.bxc6 Rxc6 39.Rd7+ Ke6 40.Rxh7 Rxc4 41.g3 Nc3 42.Rdd7 Nd5 43.Rb7 e4
44.Rh8 Rc1+ 45.Kg2 Rc2 46.Kf1 Rc1+ 47.Ke2 Rc2+ 48.Ke1 Rb2 49.Re8+ Kf5 50.Rd7  1/2-1/2

[Event "Oviedo rapid45"]
[Site "Oviedo"]
[Date "1992.??.??"]
[Round "4"]
[White "Bernal Moro, Luis Javier"]
[Black "Kramnik, Vladimir"]
[Result "1/2-1/2"]
[WhiteElo "2395"]
[BlackElo "2590"]

1.d4 d5 2.c4 c6 3.Nc3 Nf6 4.e3 e6 5.Nf3 Nbd7 6.Bd3 dxc4 7.Bxc4 b5 8.Be2 a6
9.e4 b4 10.e5 bxc3 11.exf6 Nxf6 12.bxc3 Bd6 13.O-O O-O 14.c4 c5 15.Bb2 Bb7
16.dxc5 Bxc5 17.Qc2 Ne4 18.Rad1 Qe7 19.Ne5 Rfd8 20.Nd3 Ba7 21.Bf3 Rac8 22.Rfe1 f5
23.Re2 Rd7 24.Be5 Rcd8 25.Nb2 Nxf2 26.Rxf2 Bxf3 27.Rxd7 Qxd7 28.c5 Be4 29.Qc3 Qe7
30.Na4 Bc6 31.Nb6 Qg5 32.h3 Qe7 33.Kh2 Bb8 34.Re2 Be4 35.Bxb8 Rxb8 36.Qe5 Rd8
37.Rxe4 fxe4 38.c6 Re8 39.c7 e3 40.c8=Q Rxc8 41.Nxc8 Qd7 42.Nb6 Qc6 43.Qxe3 h6
44.a4 a5 45.Qd4 Qc7+ 46.Kg1 Qc1+ 47.Kh2 Qc6 48.Nc4 Qxa4 49.Qc5  1/2-1/2

[Event "Oviedo rapid45"]
[Site "Oviedo"]
[Date "1992.??.??"]
[Round "8"]
[White "Santos, Luis"]
[Black "Sveshnikov, Evgeny"]
[Result "0-1"]
[WhiteElo "2385"]
[BlackElo "2560"]

1.c4 e6 2.Nc3 d5 3.d4 c6 4.e3 Nf6 5.Nf3 Nbd7 6.Qc2 Bd6 7.Be2 O-O 8.O-O Re8
9.Bd2 b6 10.e4 Nxe4 11.Nxe4 dxe4 12.Qxe4 Bb7 13.Bc3 Qc7 14.Qh4 Nf8 15.c5 Be7
16.Qh5 Bf6 17.Rac1 g6 18.Qh6 Bg7 19.Qh4 h6 20.Ne5 bxc5 21.Ng4 cxd4 22.Bxd4 Bxd4
23.Nxh6+ Kg7 24.Qxd4+ Kxh6 25.Rc3 e5 26.Qh4+ Kg7 27.Rh3 Ne6 28.Qh6+ Kf6 29.Qh4+ g5
30.Qh6+ Ke7 31.Rf3 Rg8 32.Qf6+ Ke8 33.Bc4 Rg6 34.Qh8+ Ke7 35.Rxf7+ Kxf7  0-1

[Event "Oviedo rapid45"]
[Site "Oviedo"]
[Date "1992.??.??"]
[Round "11"]
[White "Chabanon, Jean Luc"]
[Black "Hector, Jonny"]
[Result "1/2-1/2"]
[WhiteElo "2410"]
[BlackElo "2535"]

1.d4 d5 2.c4 c6 3.Nf3 Nf6 4.Nc3 e6 5.e3 Nbd7 6.Bd3 dxc4 7.Bxc4 b5 8.Be2 Bb7
9.O-O b4 10.Na4 Be7 11.a3 a5 12.Nd2 O-O 13.Nb3 Qc7 14.Qc2 c5 15.Nbxc5 Be4
16.Bd3 Nxc5 17.Nxc5 Ng4 18.f4 Bxd3 19.Qxd3 Bxc5 20.dxc5 Qxc5 21.axb4 Qxb4
22.Bd2 Qxb2 23.Rfb1 Qf6 24.h3 Rad8 25.Qe2 Nh6 26.Bxa5 Ra8 27.Qe1  1/2-1/2

[Event "Oviedo rapid45"]
[Site "Oviedo"]
[Date "1992.??.??"]
[Round "11"]
[White "Eslon, Jaan"]
[Black "Sakaev, Konstantin"]
[Result "0-1"]
[WhiteElo "2420"]
[BlackElo "2500"]

1.d4 d5 2.c4 e6 3.Nc3 c6 4.e3 Nf6 5.Nf3 Nbd7 6.Be2 Bd6 7.O-O O-O 8.Qc2 dxc4
9.a4 c5 10.Nb5 Be7 11.dxc5 Nxc5 12.Rd1 Bd7 13.Ne5 a6 14.Nc3 Qc7 15.Nxd7 Ncxd7
16.Rd4 Ne5 17.f4 Nc6 18.Rxc4 Qb6 19.f5 Na5 20.fxe6 Qxe6 21.Rh4 Rfd8 22.Rb1 Rac8
23.b4 Qe5 24.Bd2 Qg5 25.Rf4 Nc6 26.Be1 Bd6 27.Bh4 Qh6 28.Bg3 Bxf4 29.Bxf4 Qg6
30.Qb2 Ne7 31.Rc1 Ned5 32.Nxd5 Nxd5 33.Bf3 Nxf4 34.exf4 Qb6+ 35.Kh1 Qxb4
36.Qa1 Qxa4 37.Bxb7 Rxc1+  0-1

[Event "Palma de Mallorca op"]
[Site "Palma de Mallorca"]
[Date "1992.??.??"]
[Round "8"]
[White "Yewdokimov, Oleg"]
[Black "Eslon, Jaan"]
[Result "1/2-1/2"]
[WhiteElo "2380"]
[BlackElo "2420"]

1.d4 d5 2.c4 c6 3.e3 Nf6 4.Nc3 e6 5.Nf3 Nbd7 6.Qc2 Bb4 7.a3 Ba5 8.b4 Bc7
9.Bb2 O-O 10.Rd1 Qe7 11.Be2 dxc4 12.Bxc4 e5 13.d5 Nb6 14.Bb3 Nbxd5 15.Nxd5 cxd5
16.Bxd5 Nxd5 17.Rxd5 f6 18.O-O Be6 19.Rd2 Rfd8  1/2-1/2

[Event "Pardubice op"]
[Site "Pardubice"]
[Date "1992.??.??"]
[Round "2"]
[White "Jurka, Miroslav"]
[Black "Sherbakov, Ruslan"]
[Result "1-0"]
[WhiteElo "2355"]
[BlackElo "2530"]

1.Nf3 d5 2.d4 c6 3.c4 e6 4.e3 Nf6 5.Nc3 Nbd7 6.Bd3 dxc4 7.Bxc4 b5 8.Be2 a6
9.e4 b4 10.e5 bxc3 11.exf6 Nxf6 12.bxc3 Bd6 13.O-O O-O 14.Bg5 c5 15.Rb1 h6
16.Bh4 cxd4 17.cxd4 Bd7 18.Ne5 Ra7 19.Qb3 Be7 20.Rfc1 a5 21.Bf3 Be8 22.Qc4 Nd5
23.Bxe7 Rxe7 24.Bxd5 exd5 25.Qc5 Re6 26.Rb7 h5 27.Rc7 a4 28.h3 Qd6 29.Qxd6 Rxd6
30.Rb7 g5 31.Rc8 Re6 32.a3 Kg7 33.Rd8 Kf6 34.Nd7+ Bxd7 35.Rxf8 Re1+ 36.Kh2 Be6
37.Ra8 Re2 38.f3 Kf5 39.Rxa4 Kf4 40.Rab4 Ra2 41.Rb3 h4 42.Ra7 Rd2 43.a4 Rxd4
44.Ra3 Rd1 45.Ra8 d4 46.Rd8 Bc4 47.a5 Bf1 48.a6 Bxa6 49.Rxa6 Ke3 50.Rf6 d3
51.Rxf7 Kf2 52.Rfd7 Ke3 53.Rd5  1-0

[Event "Pardubice op"]
[Site "Pardubice"]
[Date "1992.??.??"]
[Round "5"]
[White "Fokin, Sergey"]
[Black "Neverov, Valeriy"]
[Result "1/2-1/2"]
[WhiteElo "2340"]
[BlackElo "2490"]

1.d4 d5 2.c4 e6 3.Nc3 c6 4.e3 Nf6 5.Nf3 Nbd7 6.Qc2 Bd6 7.Be2 O-O 8.O-O dxc4
9.Bxc4 a6 10.Rd1 b5 11.Be2 Qc7 12.h3 c5 13.dxc5 Bxc5 14.Bd2 Bb7 15.Rac1 Rac8
16.Qb1 b4 17.Na4 Be4 18.Qa1 Qb7 19.Nxc5 Nxc5 20.b3 Bd3 21.Bxd3 Nxd3 22.Rxc8 Rxc8
23.Ne1 Nxe1 24.Bxe1 h6 25.Rc1 a5 26.a3 a4 27.Rxc8+ Qxc8 28.bxa4 b3 29.Qc3 Qb7
30.Qb2 Qd5 31.Bc3 Ne4 32.Bxg7 Qd1+ 33.Kh2 Nd2 34.Qa1 Nf1+ 35.Kg1 Nxe3+ 36.Qxd1 Nxd1
37.Bd4 b2 38.Bxb2 Nxb2 39.a5 Nc4 40.a6 Nb6 41.a7 Kf8 42.f4 Ke7 43.g4 f6 44.h4 e5  1/2-1/2

[Event "Paris Immopar rapid"]
[Site "Paris"]
[Date "1992.??.??"]
[Round "1"]
[White "Karpov, Anatoly"]
[Black "Bareev, Evgeny"]
[Result "1-0"]
[WhiteElo "2715"]
[BlackElo "2670"]

1.d4 d5 2.c4 c6 3.Nc3 Nf6 4.e3 e6 5.Nf3 Nbd7 6.Qc2 Bd6 7.b3 O-O 8.Be2 b6
9.O-O Bb7 10.Rd1 Re8 11.Bb2 Qe7 12.e4 Nxe4 13.Nxe4 dxe4 14.Qxe4 Rad8 15.h3 Nf6
16.Qe3 c5 17.Ne5 Qc7 18.Bd3 h6 19.Bc2 b5 20.Qe2 bxc4 21.Nxc4 Bh2+ 22.Kh1 Qc6
23.f3 Bc7 24.Qf2 cxd4 25.Bxd4 e5 26.Bxa7 Rxd1+ 27.Rxd1 e4 28.f4 Nd5 29.Be3 Ba6
30.Rd4 f5 31.Bd1 Kh7 32.Bh5 Rd8 33.Ne5 Bxe5 34.fxe5 Rf8 35.Qd2 Bd3 36.Bg1 Qe6
37.Be2 Bxe2 38.Rxd5 Bd3 39.Rd6 Qxe5 40.Rd7 Qe6 41.Rc7 f4 42.Bh2 f3 43.gxf3 Qxh3
44.Qg2 Qxg2+ 45.Kxg2 exf3+ 46.Kf2 Kg6 47.Be5 Rf7 48.Rc5 Ra7 49.a4 Rb7 50.Rc3 Be4
51.Bd6 Bd5 52.b4 Rd7 53.Bc5 Kf5 54.b5 g5 55.a5 g4 56.a6 Rg7 57.Kg3 h5 58.Bf2 h4+
59.Kh2 g3+ 60.Kg1 gxf2+ 61.Kxf2  1-0

[Event "Paris-ch"]
[Site "Paris"]
[Date "1992.??.??"]
[Round "4"]
[White "Denis, Laurent"]
[Black "Collas, Didier"]
[Result "0-1"]
[WhiteElo "2235"]
[BlackElo "2280"]

1.d4 d5 2.c4 c6 3.Nf3 e6 4.e3 Nf6 5.Nc3 Nbd7 6.Qc2 Bd6 7.b3 O-O 8.Be2 Re8
9.O-O dxc4 10.bxc4 e5 11.Rd1 Qe7 12.Rb1 e4 13.Nd2 Nf8 14.Nf1 Bf5 15.a4 Rab8
16.Rb3 h5 17.c5 Bc7 18.d5 cxd5 19.Nb5 Ne6 20.Ba3 a6 21.c6 Qd8 22.Nd4 Nxd4
23.exd4 bxc6 24.Rxb8 Qxb8 25.Bxa6 Ng4 26.g3 Bd7 27.Bc5 h4 28.Rb1 Qd8 29.h3 Nh6
30.Bb7 e3 31.g4 f5 32.Nxe3 fxg4 33.Nxd5 cxd5 34.Bxd5+ Kh8 35.Qc4 gxh3  0-1

[Event "Paris-ch"]
[Site "Paris"]
[Date "1992.??.??"]
[Round "5"]
[White "Wells, Peter K"]
[Black "Flear, Glenn C"]
[Result "0-1"]
[WhiteElo "2470"]
[BlackElo "2495"]

1.d4 d5 2.c4 e6 3.Nf3 Nf6 4.Nc3 c6 5.e3 Nbd7 6.Bd3 dxc4 7.Bxc4 b5 8.Bd3 a6
9.e4 c5 10.e5 cxd4 11.Nxb5 axb5 12.exf6 Qb6 13.fxg7 Bxg7 14.O-O O-O 15.Re1 Bb7
16.Bf4 Bd5 17.h4 f5 18.Rc1 Ra7 19.h5 h6 20.Nh4 Rxa2 21.Ng6 Rf7 22.Rc8+ Kh7
23.Ne7 Rxe7 24.Qg4 Nf8 25.Rxf8 Bxf8 26.Qg6+ Kh8 27.Be5+ Bg7 28.Bxf5 Bxe5
29.Qxh6+ Kg8 30.Rxe5 Ra1+ 31.Kh2 Qb8 32.Qf4 exf5 33.Qg3+ Rg7  0-1

[Event "Fishbecks"]
[Site "Pasadena"]
[Date "1992.??.??"]
[Round "?"]
[White "Booth, Stephen A"]
[Black "Wolski, Thomas"]
[Result "1/2-1/2"]
[WhiteElo "2235"]
[BlackElo "2320"]

1.d4 d5 2.Nf3 Nf6 3.c4 c6 4.Nc3 e6 5.e3 Nbd7 6.Bd3 dxc4 7.Bxc4 b5 8.Bd3 a6
9.O-O Bb7 10.e4 c5 11.d5 c4 12.dxe6 cxd3 13.exd7+ Qxd7 14.e5 Ne4 15.Nxe4 Bxe4
16.e6 fxe6 17.Ng5 Bf5 18.g4 h6 19.Qf3 Qd5 20.Qxd5 exd5 21.Re1+ Be7 22.gxf5 hxg5
23.Bxg5 Ra7 24.Re5 Kf7 25.Bxe7 Rxe7 26.Rxd5 Rc8 27.Rxd3 Rc2 28.Ra3 Ree2 29.Rf1 Rxb2
30.Rxa6 Rxa2 31.Rxa2 Rxa2 32.Rb1 Ra5 33.Rc1 Ra7 34.Kf1 Rb7 35.Ke2 Kf6 36.Rc5 b4
37.Kd2 Kg5 38.Kc2 Kg4 39.Kb3 Kh3 40.Rc4 Kxh2 41.Rg4  1/2-1/2

[Event "BCF-ch"]
[Site "Plymouth"]
[Date "1992.??.??"]
[Round "6"]
[White "Ward, Christopher"]
[Black "Summerscale, Aaron"]
[Result "0-1"]
[WhiteElo "2440"]
[BlackElo "2305"]

1.d4 d5 2.c4 c6 3.Nc3 Nf6 4.e3 e6 5.Nf3 Nbd7 6.Qc2 Be7 7.b3 O-O 8.Bd3 dxc4
9.bxc4 c5 10.O-O cxd4 11.exd4 b6 12.Ne5 Bb7 13.Re1 Re8 14.Re3 Nf8 15.Ne2 N6d7
16.Rh3 Ng6 17.Bxg6 hxg6 18.Rh8+ Kxh8 19.Nxf7+ Kh7 20.Nxd8 Raxd8 21.Nf4 Nf8
22.Bb2 Bg5 23.Nh3 Bf6 24.Rd1 Rd7 25.Ba3 Bxd4 26.Qa4 Rdd8 27.Qxa7 Rd7 28.Qa4 Ra8
29.Qb3 Bc6 30.Qg3 e5 31.Bxf8 Rxf8 32.Kh1 Bxf2 33.Qb3 Be3 34.Re1 Rd2 35.Qxe3 Rxg2
36.Qe4 Bxe4 37.Rxe4 Rxa2 38.Rxe5 Rf1+ 39.Ng1 Rff2  0-1

[Event "RUS-chT"]
[Site "Podolsk"]
[Date "1992.??.??"]
[Round "?"]
[White "Sergienko, Sergey"]
[Black "Skudnov, Sergej"]
[Result "1/2-1/2"]
[WhiteElo "2370"]
[BlackElo "2380"]

1.d4 d5 2.c4 e6 3.Nc3 c6 4.e3 Nf6 5.Nf3 Nbd7 6.Qc2 Bd6 7.g4 Nxg4 8.Rg1 Nh6
9.e4 dxe4 10.Nxe4 Bb4+ 11.Bd2 Bxd2+ 12.Qxd2 Nf5 13.O-O-O Nf6 14.Nc3 g6 15.Bh3 h6
16.Ne5 Kf8 17.Bxf5 exf5 18.d5 cxd5 19.Qd4 Kg7  1/2-1/2

[Event "RUS-chT"]
[Site "Podolsk"]
[Date "1992.??.??"]
[Round "?"]
[White "Shliahtin, IE."]
[Black "Lisik, Valery"]
[Result "1/2-1/2"]
[WhiteElo "2310"]
[BlackElo "2475"]

1.Nf3 d5 2.c4 c6 3.e3 e6 4.Nc3 Nf6 5.d4 Nbd7 6.Qc2 Bd6 7.Be2 O-O 8.O-O Re8
9.Rd1 Qe7 10.h3 b6 11.e4 Nxe4 12.Nxe4 dxe4 13.Qxe4 Bb7 14.Bf4 Rad8 15.Bxd6 Qxd6
16.Ne5 Nf6 17.Qe3 c5 18.dxc5 Qxc5 19.Qxc5 bxc5 20.g4 h6 21.f3 Kf8 22.Kf2 Ke7
23.Ke3 Nd7 24.Nd3 e5 25.Rd2 Kf8 26.Nf2 Nf6 27.Rxd8 Rxd8 28.Nd3 Nd7 29.Rd1 Ke7
30.Nc1 Bc6 31.Rd3 a5 32.Nb3 Ra8 33.Rd2 g6 34.Bd3 a4 35.Nc1 Nb6 36.b3 axb3
37.Nxb3 Ra4 38.Rc2 Kd6  1/2-1/2

[Event "RUS-chT"]
[Site "Podolsk"]
[Date "1992.??.??"]
[Round "?"]
[White "Solozhenkin, Evgeniy"]
[Black "Ivanov, Oleg"]
[Result "1-0"]
[WhiteElo "2450"]
[BlackElo "2430"]

1.d4 d5 2.c4 c6 3.Nc3 Nf6 4.e3 e6 5.Nf3 Nbd7 6.Bd3 dxc4 7.Bxc4 b5 8.Bd3 Bb7
9.O-O Be7 10.e4 b4 11.Na4 Rc8 12.Be3 O-O 13.Rc1 c5 14.Nxc5 Nxc5 15.dxc5 Nxe4
16.Bxe4 Bxe4 17.Rc4 Bd5 18.Rxb4 Bxc5 19.Bxc5 Rxc5 20.b3 Qf6 21.Qd4 Qxd4 22.Nxd4 Ra5
23.Ra1 Rc8 24.Kf1 g6 25.a4 e5 26.Nb5 a6 27.Rd1 Be6 28.Nd6 Rc3 29.Rb1 Rd5
30.Ne4 Rc2 31.Nf6+ Kg7 32.Nxd5 Bxd5 33.Re1 Kf6 34.Rb6+ Kf5 35.Rxa6 Bxb3 36.Ra5 f6
37.Ra1 Kf4 38.Ra7 e4 39.Rxh7 Bc4+ 40.Kg1 Bd3 41.Re7 f5 42.a5 g5 43.h3 Rc6
44.Rb7 e3 45.Rb4+ Ke5 46.fxe3  1-0

[Event "RUS-chT"]
[Site "Podolsk"]
[Date "1992.??.??"]
[Round "?"]
[White "Sorokin, Maxim"]
[Black "Doroshkievich, Vladimir K"]
[Result "1-0"]
[WhiteElo "2570"]
[BlackElo "2360"]

1.d4 d5 2.c4 e6 3.Nc3 c6 4.e3 Nf6 5.Nf3 Nbd7 6.Bd3 dxc4 7.Bxc4 b5 8.Bd3 Bb7
9.a3 b4 10.Ne4 Nxe4 11.Bxe4 Qb6 12.Qa4 Be7 13.axb4 Bxb4+ 14.Bd2 a5 15.O-O O-O
16.Rfc1 Nf6 17.Bxc6 Bxd2 18.Nxd2 Qxb2 19.Nc4 Bxc6 20.Qxc6 Qe2 21.Nxa5 h5
22.Qc4 Qg4 23.Nc6 Rxa1 24.Rxa1 Qe4 25.Ne5 Rb8 26.h3 Rb1+ 27.Rxb1 Qxb1+ 28.Kh2 Qb8
29.Qc6 g6 30.g3 Kg7 31.Kg2 Qa7 32.Nf3 Qb8 33.Qc5 Nd5 34.e4 Nf6 35.Ng5 Nh7
36.Nxh7 Kxh7 37.Qe5 Qb2 38.Qf4 Kg7 39.d5 Qd4 40.dxe6 fxe6 41.Qc7+ Kf6 42.Qf4+ Kg7
43.e5 Qd5+ 44.Kh2 Qd8 45.Qf3 Qe7 46.Kg1 Kg8 47.Qe4 Kg7 48.Qh4 Qf8 49.Qg5 Qf7
50.g4 hxg4 51.hxg4 Qf8 52.Kg2 Qa8+ 53.Kg3 Qa3+ 54.f3 Qf8 55.Qh4 Qe8 56.Qf6+ Kh6
57.Kh4 Qg8 58.Qg5+ Kh7 59.Qe7+ Kh8 60.Kg5  1-0

[Event "RUS-chT"]
[Site "Podolsk"]
[Date "1992.??.??"]
[Round "?"]
[White "Epishin, Vladimir"]
[Black "Chekhov, Valery A"]
[Result "1-0"]
[WhiteElo "2620"]
[BlackElo "2550"]

1.d4 d5 2.c4 c6 3.Nc3 Nf6 4.e3 e6 5.Nf3 Nbd7 6.Qc2 Bd6 7.Be2 O-O 8.O-O Qe7
9.Rd1 b6 10.e4 dxe4 11.Nxe4 Nxe4 12.Qxe4 Bb7 13.Bf4 Nf6 14.Bxd6 Qxd6 15.Qe3 Rfd8
16.c5 Qe7 17.Rac1 bxc5 18.Rxc5 Rd5 19.Rdc1 Rad8 20.Qa3 Rxc5 21.Rxc5 Qc7 22.Ra5 a6
23.Bxa6 Qf4 24.g3 Qc1+ 25.Kg2 Bxa6 26.Rxa6 h6 27.Ra8 Rxa8 28.Qxa8+ Kh7 29.Qb7 Ne4
30.Qb3 g5 31.h3 c5 32.Qb7  1-0

[Event "RUS-chT"]
[Site "Podolsk"]
[Date "1992.??.??"]
[Round "?"]
[White "Kiselev, Sergey"]
[Black "Lisik, Valery"]
[Result "1/2-1/2"]
[WhiteElo "2540"]
[BlackElo "2475"]

1.d4 d5 2.c4 c6 3.Nf3 Nf6 4.Nc3 e6 5.e3 Nbd7 6.Qc2 Bd6 7.Be2 O-O 8.O-O Re8
9.Bd2 Qe7 10.Rac1 b6 11.e4 Nxe4 12.Nxe4 dxe4 13.Qxe4 Bb7 14.Bg5 Nf6 15.Qh4 c5
16.Rcd1  1/2-1/2

[Event "RUS-chT"]
[Site "Podolsk"]
[Date "1992.??.??"]
[Round "?"]
[White "Lisik, Valery"]
[Black "Doroshkievich, Vladimir K"]
[Result "1/2-1/2"]
[WhiteElo "2475"]
[BlackElo "2360"]

1.d4 d5 2.c4 e6 3.Nf3 c6 4.e3 Nf6 5.Nc3 Nbd7 6.Qc2 Bd6 7.b3 O-O 8.Be2 Re8
9.O-O Qe7 10.Bb2 dxc4 11.Bxc4 c5 12.dxc5 Bxc5 13.Rac1 b6 14.Ne4 Bb7 15.Nxc5 Qxc5
16.Qe2 Qe7 17.Nd4 Rec8  1/2-1/2

[Event "Rubinstein mem"]
[Site "Polanica Zdroj"]
[Date "1992.??.??"]
[Round "5"]
[White "Adorjan, Andras"]
[Black "Flear, Glenn C"]
[Result "1-0"]
[WhiteElo "2550"]
[BlackElo "2505"]

1.c4 e6 2.Nc3 d5 3.d4 c6 4.e3 Nf6 5.Nf3 Nbd7 6.Qc2 Bd6 7.Be2 O-O 8.O-O dxc4
9.Bxc4 b5 10.Be2 Bb7 11.Rd1 Qc7 12.Bd2 Rae8 13.Rac1 Qb8 14.Bd3 a6 15.Ne4 Nxe4
16.Bxe4 f5 17.Bxc6 Rc8 18.d5 Nf6 19.Qd3 Nxd5 20.Bd7 Rcd8 21.Bxe6+ Kh8 22.Qb3 Nc7
23.Bc3 Nxe6 24.Qxe6 Bxf3 25.gxf3 b4 26.Bd4 Bxh2+ 27.Kh1 Rd6 28.Qe7 Rg6 29.Rc6 Re8
30.Qd7 Be5 31.Rxg6 hxg6 32.Kg2 Bxd4 33.Qf7  1-0

[Event "Polanica Zdroj op"]
[Site "Polanica Zdroj"]
[Date "1992.??.??"]
[Round "5"]
[White "Appolonov, Sergei"]
[Black "Malevinsky, Alexander A"]
[Result "1-0"]
[WhiteElo "2305"]
[BlackElo "2390"]

1.Nf3 Nf6 2.c4 e6 3.d4 d5 4.Nc3 c6 5.e3 g6 6.Bd3 Bg7 7.O-O O-O 8.e4 dxe4
9.Nxe4 Nxe4 10.Bxe4 Nd7 11.Bf4 Nf6 12.Bd3 Nh5 13.Bg5 Qc7 14.c5 f6 15.Bd2 Nf4
16.Bc4 Nd5 17.h4 Bd7 18.Re1 Rae8 19.Qc2 Re7 20.a4 Be8 21.Qc1 Bf7 22.Bh6 Rd8
23.Ra3 Bxh6 24.Qxh6 Qf4 25.Qxf4 Nxf4 26.Re4 Nd5 27.g4 h6 28.g5 Kg7 29.Bd3 f5
30.Re5 Rde8 31.Kg2 a5 32.gxh6+ Kxh6 33.Ng5 Kg7 34.Rb3 Ra8  1-0

[Event "Rubinstein mem"]
[Site "Polanica Zdroj"]
[Date "1992.??.??"]
[Round "9"]
[White "Adorjan, Andras"]
[Black "Kuczynski, Robert"]
[Result "1/2-1/2"]
[WhiteElo "2550"]
[BlackElo "2525"]

1.d4 d5 2.c4 c6 3.e3 Nf6 4.Nc3 e6 5.Nf3 Nbd7 6.Qc2 Bd6 7.Be2 O-O 8.O-O dxc4
9.Bxc4 b5 10.Be2 Re8 11.Bd2 Bb7 12.Ng5 e5 13.Rad1 exd4 14.exd4 h6 15.Nge4 Nxe4
16.Nxe4 Bxh2+ 17.Kxh2 Qh4+ 18.Kg1 Qxe4 19.Qxe4 Rxe4 20.Be3 Nb6 21.Bf3 Re6
22.b3 Rd8 23.Rc1 Nd5 24.Bxd5 Rxd5 25.Rc5 Red6 26.Re1 g5 27.Rxd5 Rxd5 28.Bd2 Rd7
29.Re8+ Kg7 30.Bb4 f6 31.Bc5 a6 32.g4 Kf7 33.Rh8 Kg7  1/2-1/2

[Event "Polanica Zdroj op"]
[Site "Polanica Zdroj"]
[Date "1992.??.??"]
[Round "9"]
[White "Pisulinski, Jan"]
[Black "Kubien, Jerzy"]
[Result "1-0"]
[WhiteElo "2345"]
[BlackElo "2280"]

1.d4 d5 2.c4 c6 3.Nc3 Nf6 4.Nf3 e6 5.e3 Be7 6.Qc2 O-O 7.b3 Nbd7 8.Bd3 h6
9.O-O Re8 10.Bb2 Bf8 11.h3 a6 12.Rad1 b5 13.e4 dxe4 14.Nxe4 Bb7 15.Nxf6+ Nxf6
16.Ne5 Qb6 17.Qe2 bxc4 18.Nxc4 Qc7 19.Rc1 c5 20.dxc5 Qc6 21.Ne3 Nd5 22.Rfd1 Nf4
23.Qg4 Nxd3 24.Rxd3 a5 25.Nc4 h5 26.Qg5 Qxc5 27.Ne5 Qe7 28.Qxh5 Red8 29.Ba3 Qf6
30.Rxd8 Rxd8 31.Bxf8 Rxf8 32.Nd7 Qb2 33.Rc4 Rd8 34.Rh4 Qc1+ 35.Kh2 Qh6 36.Nf6+  1-0

[Event "Policka"]
[Site "Policka"]
[Date "1992.??.??"]
[Round "?"]
[White "Votava, Jan"]
[Black "Hlavnicka, Jiri"]
[Result "1/2-1/2"]
[WhiteElo "2435"]
[BlackElo "2275"]

1.d4 Nf6 2.c4 e6 3.Nf3 d5 4.Nc3 c6 5.e3 Nbd7 6.Qc2 Bd6 7.b3 O-O 8.Be2 b6
9.Bb2 Bb7 10.O-O dxc4 11.bxc4 Qe7 12.Rad1 Rfd8 13.Ne4 Nxe4 14.Qxe4 Nf6 15.Qh4 Nd7
16.Qh3 Qf6 17.e4 Qh6 18.Qxh6 gxh6 19.Rd3 Bf8 20.Rfd1 Bg7 21.Ne5 Nxe5 22.dxe5 Rxd3
23.Rxd3 c5 24.f3 Bc6 25.Kf2 Bf8 26.Ke3 b5 27.cxb5 Bxb5 28.Rb3 a6 29.Bxb5 axb5
30.Rxb5 Rxa2 31.g4 Ra4 32.Bc3 Ra3 33.Kd3 Ra8 34.Rb7 Rd8+ 35.Ke2 Ra8 36.h4 Ra2+
37.Ke3 h5 38.g5 h6 39.Kf4 hxg5+ 40.Kxg5 Ra3 41.Bd2 Rxf3 42.Rb8 Rd3 43.Ba5 Kg7
44.Kxh5 Be7 45.Rb7 Bd8 46.Bxd8 Rxd8 47.Kg5 Rc8 48.Rb3  1/2-1/2

[Event "Ponferrada op"]
[Site "Ponferrada"]
[Date "1992.??.??"]
[Round "?"]
[White "Rodriguez Vargas, Orestes"]
[Black "Gil Capape, Javier"]
[Result "0-1"]
[WhiteElo "2455"]
[BlackElo "2400"]

1.d4 d5 2.c4 c6 3.Nc3 Nf6 4.Nf3 e6 5.e3 Nbd7 6.Bd3 dxc4 7.Bxc4 b5 8.Bd3 Bb7
9.e4 b4 10.Na4 c5 11.e5 Nd5 12.O-O cxd4 13.Re1 g6 14.Bb5 a6 15.Bg5 axb5 16.Bxd8 Rxd8
17.Nxd4 bxa4 18.Qxa4 Bc5 19.Nb3 Bb6 20.Rac1 O-O 21.Na5 Ba8 22.Nc6 Bxc6 23.Rxc6 Bd4
24.Rc2 Bxe5 25.g3 Bf6 26.Kg2 Ne5 27.Qb3 Kg7 28.Re4 h5 29.Kf1 Rd6 30.Rc5 Ra8
31.Rc1 Rda6 32.Ra1 Nc6 33.Kg2 Na5 34.Qc2 Rc6 35.Qe2 Nb3 36.Rd1 Rxa2 37.Qb5 Rc2
38.Rd3 Raxb2 39.Rf3 Nd4 40.Rxf6 Nxb5  0-1

[Event "Ponferrada-chT"]
[Site "Ponferrada"]
[Date "1992.??.??"]
[Round "?"]
[White "Franco Ocampo, Zenon"]
[Black "Gil Capape, Javier"]
[Result "0-1"]
[WhiteElo "2525"]
[BlackElo "2400"]

1.c4 c6 2.d4 d5 3.Nc3 Nf6 4.Nf3 e6 5.e3 Nbd7 6.Qc2 Bd6 7.b3 O-O 8.Be2 Qe7
9.O-O dxc4 10.bxc4 e5 11.Rd1 e4 12.Ng5 Re8 13.c5 Bc7 14.Bc4 Bxh2+ 15.Kh1 Nd5
16.Ncxe4 Bb8 17.Bxd5 cxd5 18.Nd6 Qxg5 19.Nxe8 Qh5+ 20.Kg1 Qh2+ 21.Kf1 Nxc5
22.f4 Bh3 23.Qf2 Qh1+ 24.Qg1 Bxg2+ 25.Ke2 Bf3+ 26.Kd2 Ne4+ 27.Kd3 Qh6 28.Rf1 Qa6+
29.Kc2 Qc4+ 30.Kb1 Qd3+ 31.Kb2 Qc3+  0-1

[Event "Porz op28"]
[Site "Porz"]
[Date "1992.??.??"]
[Round "4"]
[White "Szypulski, Andrzej"]
[Black "Gupta, Milon"]
[Result "1-0"]
[WhiteElo "2395"]
[BlackElo "2235"]

1.d4 d5 2.c4 e6 3.Nc3 c6 4.e3 Nf6 5.Nf3 Nbd7 6.Qc2 Bd6 7.Be2 O-O 8.O-O dxc4
9.Bxc4 Qe7 10.h3 b5 11.Bd3 a6 12.Ng5 h6 13.Nge4 Bb7 14.Nxd6 Qxd6 15.Ne4 Nxe4
16.Bxe4 Rab8 17.Rd1 Qe7 18.b3 Rfc8 19.Bb2 c5 20.Bxb7 Rxb7 21.dxc5 Qxc5 22.Qe4 Rbc7
23.Rac1 Qh5 24.Qd4 e5 25.Qxd7 Rxd7 26.Rxc8+ Kh7 27.Rxd7 Qf5 28.Rcc7 Qb1+
29.Bc1 Qxa2 30.Rxf7 Qxb3 31.Rxg7+ Kh8 32.Rh7+ Kg8 33.Rhd7  1-0

[Event "Prague DDM-C"]
[Site "Prague"]
[Date "1992.??.??"]
[Round "1"]
[White "Jurek, Josef"]
[Black "Vokac, Marek"]
[Result "1/2-1/2"]
[WhiteElo "2305"]
[BlackElo "2395"]

1.d4 d5 2.c4 c6 3.Nc3 Nf6 4.Nf3 e6 5.e3 Nbd7 6.Qc2 Bd6 7.Be2 O-O 8.O-O dxc4
9.Bxc4 Qe7 10.e4 e5  1/2-1/2

[Event "Bohemians (Women)"]
[Site "Prague"]
[Date "1992.??.??"]
[Round "3"]
[White "Van Parreren, Hanneke"]
[Black "Mozna Hojdarova, Eva"]
[Result "1-0"]
[WhiteElo "2135"]
[BlackElo "2115"]

1.d4 d5 2.Nf3 Nf6 3.c4 c6 4.Nc3 e6 5.e3 Be7 6.Bd3 Nbd7 7.O-O O-O 8.e4 dxe4
9.Nxe4 Nxe4 10.Bxe4 Nf6 11.Bc2 c5 12.dxc5 Bxc5 13.Bg5 Be7 14.Qe2 Qc7 15.Rfd1 Bd7
16.Bxf6  1-0

[Event "CSR-ch"]
[Site "Prague"]
[Date "1992.??.??"]
[Round "8"]
[White "Spacek, Petr"]
[Black "Meduna, Eduard"]
[Result "1/2-1/2"]
[WhiteElo "2395"]
[BlackElo "2500"]

1.d4 Nf6 2.c4 c6 3.Nc3 d5 4.e3 e6 5.Nf3 Nbd7 6.Qc2 Bd6 7.Bd3 dxc4 8.Bxc4 O-O
9.O-O e5 10.Rd1 Qe7 11.h3 Bc7 12.a3 e4 13.Ng5 Nb6 14.Ba2 Bf5 15.f3 Qd6 16.fxe4 Qh2+
17.Kf1 Bg6 18.Nf3 Qg3 19.Bd2 Nbd5 20.Nxd5 cxd5 21.Be1 Qd6 22.Bb4 Qa6+ 23.Qe2 Qxe2+
24.Kxe2 dxe4 25.Ne5 Rfd8 26.Nxg6 hxg6 27.Be7 Rd7 28.Bxf6 gxf6 29.Rac1 f5
30.Rc5 Bb6 31.Rc4 Kg7 32.Rdc1 Rh8 33.b4 Rh5 34.a4 Rg5 35.Kf1 a5 36.bxa5 Bxa5
37.R1c2 f4 38.exf4 Rg3 39.Kf2 Rd3 40.d5 R7xd5 41.Rxe4 Rd2+ 42.Rxd2 Rxd2+
43.Re2 Rd4 44.g3 Rxa4 45.Bd5 Rd4 46.Bxb7 Rd2  1/2-1/2

[Event "Bohemians-B"]
[Site "Prague"]
[Date "1992.??.??"]
[Round "10"]
[White "Orsag, Milan"]
[Black "Trichkov, Vasil"]
[Result "0-1"]
[WhiteElo "2415"]
[BlackElo "2315"]

1.d4 d5 2.c4 c6 3.Nc3 Nf6 4.e3 e6 5.Nf3 Nbd7 6.Qc2 Bd6 7.Be2 O-O 8.O-O dxc4
9.Bxc4 e5 10.h3 Qe7 11.a3 a5 12.Ba2 Bc7 13.Re1 h6 14.Nh4 exd4 15.Nf5 Qe5
16.f4 Qe8 17.Nb5 Bb8 18.Nbd6 Bxd6 19.Nxd6 Qd8 20.e4 Ne8 21.Nxc8 Rxc8 22.e5 c5
23.Bc4 Nc7 24.f5 Nb6 25.Bd2 Nxc4 26.Qxc4 b6 27.f6 Re8 28.Bxh6 gxh6 29.Qe2 Qxf6
30.exf6 Rxe2 31.Rxe2 Nd5 32.Re5 Nxf6 33.Kf2 Rc6 34.Ke2 Re6 35.Rxe6 fxe6 36.Kd3 e5
37.Kc4 Kf7 38.Rf1 Ke6 39.g4 e4 40.Rf4 Ke5 41.Rf5+ Ke6 42.b4 Nd7 43.bxc5 bxc5
44.a4 Kd6 45.Rh5 Ne5+ 46.Kb3 e3  0-1